Verdadeiro ou Falso (Versão Futebol) #2 - Statistics

Estatísticas Gerais
  • Esse quiz foi jogado 87 vezes
  • A pontuação média é 11 de 16
Estatísticas das Respostas
Questão Resposta % Correto
A "Lei do Ex" é uma regra oficial da FIFA que impede um jogador de comemorar um gol contra seu ex-time. Falso
95%
O Leicester City venceu a Premier League pela primeira vez em 2016. Verdadeiro
90%
Zlatan Ibrahimović já jogou em cinco dos maiores clubes europeus diferentes. Verdadeiro
89%
A Copa do Mundo de 1970 foi a primeira a ser transmitida ao vivo e a cores. Verdadeiro
89%
A Itália venceu a Copa do Mundo de 2006 sem tomar nenhum gol. Falso
85%
Um gol pode ser marcado diretamente a partir de um arremesso lateral. Falso
85%
O Real Madrid já foi rebaixado uma vez no Campeonato Espanhol. Falso
81%
A Coreia do Sul já chegou em semifinais de uma Copa do Mundo. Verdadeiro
70%
A União Soviética já foi campeã da Eurocopa. Verdadeiro
69%
A índia se classificou para Copa do Mundo de 1950, mais desistiram de disputar o torneio devido a problemas financeiros. Verdadeiro
64%
O maior estádio de futebol do mundo fica na Coreia do Norte. Verdadeiro
58%
No Campeonato Brasileiro de 2021, o Santos perdeu pontos por escalação irregular de um jogador em uma das rodadas. Falso
57%
A camisa 10 da Seleção Brasileira foi usada pela primeira vez por Pelé em 1958. Verdadeiro
54%
Paolo Maldini é o jogador com mais finais de Champions disputadas. Verdadeiro
43%
A França nunca foi eliminada das oitavas de final por pênaltis nas Copas do Mundo. Falso
33%
No Campeonato Carioca de 2004, uma partida entre Fluminense e Vasco foi paralisada por 20 minutos. Falso
6%
Nenhum quiz correspondente encontrado
Distribuição das Pontuações
Porcentagem de Pessoas com Cada Pontuação
Percentil de Números Respondidos
Sua Pontuação Histórica
Você não jogou esse quiz